000 00919nam a2200253 a 4500
001 000010671
005 20240412074220.0
008 091009d1989 dr 000 0 spa d
040 _aDO-SdBNP
_bspa
_cBNPHU
082 _aRD861.44
_bO12po
100 1 _aObjío, Nelson Eddy
_912421
245 1 3 _aLa negra virtud... :
_bpoesías /
_cNelson Eddy Objío ; prólogo José Enrique Báez.
250 _a3a. ed.
260 _aSanto Domingo :
_bEditorial Valparaiso,
_c1989.
300 _a104 p. ;
_c21 cm.
490 1 _aProducciones Dimeyson
500 _aEdición especial con motivo del 113 aniversario de la muerte del padre de la patria, Juan Pablo Duarte
590 _aInventariado, 2018/LP
650 0 _aPoesía dominicana
_966
650 0 _aLiteratura dominicana.
_967
700 1 _aBáez, José Enrique
_epról.
_925849
830 0 _aProducciones Dimeyson
_925850
910 _aValidado. Control de calidad MMOLINA
999 _c10426
_d10426